| 000 | 01775nam a22004337a 4500 | ||
|---|---|---|---|
| 003 | CHAP | ||
| 005 | 20220329143331.0 | ||
| 008 | 080917s2007 mx a r 00010 spa d | ||
| 010 | _a95114 | ||
| 011 | _a96086 | ||
| 035 | _a106727 | ||
| 040 | _cCHAP | ||
| 090 | _aTesis | ||
| 100 | 1 |
_aTorcuato Calderón, Cristina. _9113932 |
|
| 245 | 1 | 0 |
_aCaracterización del sistema productivo y fertilización en el cultivo de nopal tunero (Opuntia ficus-indica (L. Mill.) en el municipio de Axapusco, Estado de México _c/por Cristina Torcuarto Calderón |
| 260 |
_aChapingo, Méx. : _bEl autor, _c2007 |
||
| 300 |
_axiii, 118 h. : _bilus., gráfs., cuadros |
||
| 502 | _aTesis (Ing. en Agroecología) -- UACH. Departamento de Enseñanza, Investigación y Servisio en Agroecología | ||
| 530 | _aTambién disponible en línea | ||
| 590 |
_aALEPH _b10 _c20130110 _lUCH01 _h1523 |
||
| 590 |
_aBATCH-UPD _b10 _c20130110 _lUCH01 _h0317 |
||
| 590 |
_aBATCH-UPD _b10 _c20130110 _lUCH01 _h1530 |
||
| 590 |
_aBATCH-UPD _b10 _c20130409 _lUCH01 _h2350 |
||
| 590 |
_aBATCH-UPD _b10 _c20130410 _lUCH01 _h1547 |
||
| 590 |
_aBATCH-UPD _b10 _c20130914 _lUCH01 _h1317 |
||
| 590 |
_aBATCH-UPD _b10 _c20140324 _lUCH01 _h1507 |
||
| 590 |
_aBATCH-UPD _b10 _c20141002 _lUCH01 _h0836 |
||
| 590 |
_aCONVERSION _b10 _c20130109 _lUCH01 _h1353 |
||
| 650 | 1 | 4 |
_aErosión _xPrevención y control. _937337 |
| 650 | 1 | 4 |
_aNopal. _981647 |
| 650 | 1 | 4 |
_aNopal _xRendimiento. _981695 |
| 650 | 1 | 4 |
_aSuelos _xFertilidad. _9110367 |
| 650 | 1 | 4 |
_aTuna. _9115544 |
| 856 |
_3Finding aid _uhttp://10.13.5.2/tesis/106727.pdf _zTeclea aqui |
||
| 901 | _aBK | ||
| 942 | _cFOLL | ||
| 949 |
_aTesis _bBC _cTES _d33724002067876 _eTS1 _gDonaciØn _h48032 _i106727 _sb |
||
| 949 |
_aTesis _bBC _cTES _d33724002067918 _eTS2 _fc.2 _gDonaciØn _h48033 _i106727 _sb |
||
| 999 |
_c95114 _d95114 |
||